Responses for Show #3685 - Friday, September 15, 2000

Michelle Clum game 3.

Contestants

[<< previous game]

Laura Ewing-Moore, an executive from San Francisco, California

Eric Trageser, a director of photography from Los Angeles, California

Michelle Clum, an executive assistant originally from Wichita, Kansas (whose 2-day cash winnings total $12,598)

[next game >>]

Jeopardy! Round responses

20th CENTURY PEOPLE
SPORTS 2000
CITIES
PICK ME, PICASSO
HEY "J"!
STUPID ANSWERS
(Alex: Making its first appearance this year!)
    $100 1
La Toya Jackson

Michelle
    $100 16
Tiger Woods

Eric
    $100 9
Cairo

Laura
    $100 11
a car

Michelle
    $100 4
Jack (Benny)

Eric
    $100 6
the Museum of Modern Art

Michelle
    $200 2
Carl Jung

Michelle
    $200 17
(Laura: Who are the Devil Rays?)

New Jersey Devils

EricLaura
    $200 10
Jacksonville

Eric
    $200 25
his Blue Period

Laura
    $200 5
jockeys

Eric
    $200 22
the First Amendment

Laura
    $300 3
Duvalier

Laura
    $300 18
Lance Armstrong

Laura
    $300 12
Rhodes

Michelle
    $1,000 27
Guernica

Michelle
    $300 15
jealousy

Eric
    $300 23
the Church of England (the Anglican Church)

Michelle
    $400 7
Robert Scott

Michelle
    $400 19
Venus Williams

Laura
    $400 13
Waterloo

Triple Stumper
    $400 28
Arianna Huffington

Michelle
    $400 21
the jib

Eric
    $400 26
Ontario, California

Michelle
    $500 8
Maria Montessori

Michelle
    $500 20
George "Sparky" Anderson

Laura
    $500 14
Cheyenne, Wyoming

Michelle
    $500 29
Pernod

Triple Stumper
    $500 24
Josephine (Baker)

Michelle
    $500 30
the National Geographic Society

Laura

Scores at the first commercial break (after clue 15):

Michelle Eric Laura
$2,200 $800 $400

Scores at the end of the Jeopardy! Round:

Michelle Eric Laura
$4,800 $1,500 $2,300

Double Jeopardy! Round responses

BALLET
TV & MOVIE ACTORS
COLONIAL AMERICA
WEATHER VERBS
CASHMERE
MERE CASH
    $200 3
Cleopatra

Michelle
    $200 5
Pamela Anderson Lee

Eric
    $200 2
(Laura: What is typhoid?)

smallpox

MichelleLaura
    $200 30
hail

Eric
    $200 1
Woolite

Eric
    $200 17
the pound

Eric
    $400 4
Frederic Chopin

Laura
    $400 6
Thomas Gibson

Michelle
    $400 13
(Eric: Who is Thomas Paine?)

Benjamin Franklin

MichelleEric
    $400 29
rain

Michelle
    $400 22
Paisley

Laura
    $400 21
Alaska & Hawaii

Michelle
    $600 7
the Summer Olympics (in Los Angeles)

Eric
    $600 10
Elisabeth Shue

Eric
    $600 14
James Oglethorpe

Michelle
    $600 28
(Eric: What is bluster?)

snow

Eric
Triple Stumper
    $600 23
pashmina

Eric
    $600 20
the kwanza

Eric
    $800 8
George Balanchine

Laura
    $800 11
Sisters

Michelle
    $2,000 15
the House of Burgesses

Michelle
    $800 27
ice

Eric
    $5,000 24
(Eric: [Shakes head])
...
(Alex: Less than a minute to go.)

the vicuna

Eric
    $800 18
a loonie

Eric
    $1000 9
Jerome Robbins

Michelle
    $1000 12
Absolutely Fabulous

Michelle
    $1000 16
Lawrence Washington

Michelle
    $1000 26
front

Michelle
    $1000 25
"Queen of Cashmere"

Triple Stumper
    $1000 19
the yuan

Eric

Scores at the end of the Double Jeopardy! Round:

Michelle Eric Laura
$14,200 $1,300 $3,700
(lock game)

[wagering suggestions for these scores]

Final Jeopardy! Round responses

EXPLORERS
(Alex: He was sent to Africa because of the Opium Wars in China.)
EricWho is Loyola?
$1,300
LauraWho was Livingston?
$0
MichelleWho is Livingstone?
$3,800
David Livingstone

Final scores:

Michelle Eric Laura
$18,000 $0 $3,700
3-day champion: $30,598 3rd place: ReplayTV hard disk recorder system 2nd place: a trip to Outrigger Hotel, Waikiki Beach, Hawaii

Game dynamics:

Coryat scores:

Michelle Eric Laura
$12,300 $6,300 $3,700
26 R
(including 2 DDs),
0 W
18 R,
3 W
(including 1 DD)
11 R,
2 W

Combined Coryat: $22,300

[game clues] [game scores] [suggest correction]

Game tape date: 2000-07-26
The J! Archive is created by fans, for fans. Scraping, republication, monetization, and malicious use prohibited; this site may use cookies and collect identifying information. See terms. The Jeopardy! game show and all elements thereof, including but not limited to copyright and trademark thereto, are the property of Jeopardy Productions, Inc. and are protected under law. This website is not affiliated with, sponsored by, or operated by Jeopardy Productions, Inc. Join the discussion at JBoard.tv.